000
00428nam a2200133Ia 4500
008
100328s9999 xx 000 0 und d
082
_b
39881
100
_a
आपटे ह.ना.
245
_a
पण लक्षात कोण घेतो
260
_b
प्रतिभा.
630
_a
पण लक्षात कोण घेतो
730
_a
पण लक्षात कोण घेतो
942
_c
BOOK
999
_c
528712
_d
528709